000 01001nam a2200277Ia 4500
999 _c27467
_d27467
003 GCL
005 20240530101739.0
008 140319s9999 xx 000 0 ara d
040 _aGCL /
_cGCL
082 0 4 _b191
_bا ط
100 1 _aارسطوطاليس
245 1 0 _aالطبيعة /
_cارسطوطاليس ؛ ترجمة اسحق بن حنين ؛ حققه وقدم له عبدالرحمن بدوى
260 _a[S.N] :
_bالهيئة المصرية العامة للكتاب
490 _aموسوعه السنه
_v0
650 0 4 _aالفلسفة الاسلامية
650 0 4 _aالحضارة العربية الاسلامية - المعارف البحرية
650 0 4 _aالفلسفة
650 0 4 _aالتراث
650 0 4 _aالتراث العربى
650 0 4 _aالعلوم
650 0 4 _aالعلوم عند العرب
650 0 4 _aالحضارة الاسلامية
650 0 4 _aفلسفة الطبيعة
700 0 _aعبدالرحمن بدوى
942 _2ddc
_cBK